000 00419nam a2200181Ia 4500
001 3369
005 20260306145638.0
008 260306t1984||||xx |||||||||||||| ||spa||
041 _aESP
082 _a270.1
_bL581
100 _aLubac, Henri de
_eAUT
245 0 _aMeditación sobre la Iglesia
260 _c1984
300 _a296 pƔginas :
_c23 cm.
650 _aGEN
654 _aCHU
942 _cLIB
_dJUS
_fJUS
_2ddc
_n
999 _c3369
_d3369